00000000nam 2200000zi 4500
0019.946741
003CaOODSP
00520250121091805
006m     o  d f      
007cr bn|||||||||
008250110s1965    onc     ou   f001 0 fre d
040 |aCaOODSP|bfre|erda|cCaOODSP
043 |an-cn---
0861 |aNR24-28/1965-2F-PDF
24500|aCote de comportement au feu 1965 : |bsupplément no 2 au Code national du bâtiment (Canada) / |cpublié par le Comité associé sur le Code national du bâtiment.
24610|aSupplément no 2 au Code national du bâtiment (Canada)
250 |a[Deuxième édition française 1965].
264 1|aOttawa, Canada : |bConseil national de recherches, |c1965.
300 |a1 ressource en ligne (36 pages, 2 pages non numérotées)
336 |atexte|btxt|2rdacontent/fre
337 |ainformatique|bc|2rdamedia/fre
338 |aressource en ligne|bcr|2rdacarrier/fre
500 |aComprend un index.
500 |aPublié aussi en anglais sous le titre : Fire performance ratings 1965 : supplement no. 2 to the National Building Code of Canada.
520 |a« Les classifications au point de vue du comportement au feu compilées dans ce document sont approuvées par le Comité associé sur le Code national du bâtiment sur la recommandation de la Commission d'étude sur les essais au feu, pour être utilisés avec le Code national du bâtiment. Les classifications s'appliquent aux matériaux et aux assemblages de matériaux dont tous les détails essentiels sont conformes aux normes minimales décrites aux Parties 4 et 5 du Code national du bâtiment » -- Introduction, page 3.
650 6|aConstruction|xDroit|zCanada|vCodes.
650 6|aConstructions|xNormes|zCanada.
650 6|aIgnifuges|xNormes|zCanada.
7102 |aConseil national de recherches Canada. |bComité associé sur le Code national du bâtiment, |eorganisme de publication.
77508|tFire performance ratings 1965 : |w(CaOODSP)9.946595
794 |tComportement au feu des matériaux de construction 1977 : |w(CaOODSP)9.946794
85640|qPDF|s1.97 Mo|uhttps://publications.gc.ca/collections/collection_2025/cnrc-nrc/NR24-28-1965-2-fra.pdf
986 |a8330-F